000
003190000a22001450004500
003
MACL
040
_a
MACL
090
_c
34157
_d
34155
100
_a
Ahluwalia, B K
245
_a
Our President Giani Zail Singh
260
_b
Harnam Publications
_c
1983
350
_a
65
650
_a
Biography
942
_c
BOOK
_k
923.2/AHL
999
_c
33795
_d
33795